Giáo trình cơ sở tính toán các máy hoá chất và thực phẩm

Giáo trình "Cơ sở tính toán các máy hoá chất và thực phẩm" là một trong những giáo trình môn học đào tạo kỹ sư chuyên ngành Máy Hoá - Máy Thực phẩm. Giáo trình nêu lên cơ sở lý thuyết và các công thức tính toán các chi tiết thườ...

全面介紹

Đã lưu trong:
書目詳細資料
主要作者: Hồ, Lê Viên
格式: 圖書
語言:Undetermined
出版: Hà Nội Đại học Bách khoa Hà Nội 1997
主題:
標簽: 添加標簽
沒有標簽, 成為第一個標記此記錄!
Thư viện lưu trữ: Trung tâm Học liệu Trường Đại học Cần Thơ
LEADER 01253nam a2200205Ia 4500
001 CTU_122143
008 210402s9999 xx 000 0 und d
020 |c 56000 
082 |a 621.82 
082 |b V305 
100 |a Hồ, Lê Viên 
245 0 |a Giáo trình cơ sở tính toán các máy hoá chất và thực phẩm 
245 0 |c Hồ Lê Viên 
260 |a Hà Nội 
260 |b Đại học Bách khoa Hà Nội 
260 |c 1997 
520 |a Giáo trình "Cơ sở tính toán các máy hoá chất và thực phẩm" là một trong những giáo trình môn học đào tạo kỹ sư chuyên ngành Máy Hoá - Máy Thực phẩm. Giáo trình nêu lên cơ sở lý thuyết và các công thức tính toán các chi tiết thường gặp trong các máy sản xuất hoá chất và thực phẩm. Giáo trình này là tài liệu giáo khoa cho sinh viên ngành Máy Hoá - Máy Thực phẩm đồng thời dùng làm tài liệu tham khảo cho những bạn đọc quan tâm. 
650 |a Machine parts 
904 |i Hiếu 
980 |a Trung tâm Học liệu Trường Đại học Cần Thơ